Accounting for business management

में बचाया:
ग्रंथसूची विवरण
मुख्य लेखक: Fleming, A.I.M.
स्वरूप: पुस्तक
भाषा:Undetermined
प्रकाशित: New York HarperCollins Academic 1991
विषय:
टैग : टैग जोड़ें
कोई टैग नहीं, इस रिकॉर्ड को टैग करने वाले पहले व्यक्ति बनें!
Thư viện lưu trữ: Trung tâm Học liệu Trường Đại học Cần Thơ
LEADER 00476nam a2200181Ia 4500
001 CTU_98740
008 210402s9999 xx 000 0 und d
082 |a 657 
082 |b F597 
100 |a Fleming, A.I.M. 
245 0 |a Accounting for business management 
245 0 |c A.I.M.Fleming 
260 |a New York 
260 |b HarperCollins Academic 
260 |c 1991 
650 |a Accounting 
904 |i Tuyến 
980 |a Trung tâm Học liệu Trường Đại học Cần Thơ